Normal view
MARC view
Entry Personal Name
001 - CONTROL NUMBER
- control field: 254462
003 - CONTROL NUMBER IDENTIFIER
- control field: OSt
005 - DATE AND TIME OF LATEST TRANSACTION
- control field: 20260211144750.0
008 - FIXED-LENGTH DATA ELEMENTS
- fixed length control field: 260211|| aca||aabn | a|a d
040 ## - CATALOGING SOURCE
- Original cataloging agency: OSt
- Transcribing agency: OSt
100 ## - HEADING--PERSONAL NAME
- Personal name: Ben Horowitz
670 ## - SOURCE DATA FOUND
- Source citation: Work cat.: (OSt)240878: Ben Horowitz, Hard thing about hard things, 2020